Werder Bremen 2025/26 Kader - Statistiken

Allgemein
  • Dieses Quiz wurde 234 mal gespielt
  • Das Durchschnittsergebnis liegt bei 24 aus 31
Antwortstatistiken
Hint Nation Antwort % Korrekt
Tor Deutschland Backhaus
98%
Abwehr Österreich Friedl
93%
Mittelfeld Dänemark Stage
93%
Angriff Nigeria Boniface
90%
Tor Estland Hein
90%
Mittelfeld Belgien Lynen
90%
Mittelfeld Österreich Schmid
90%
Abwehr Deutschland Stark
88%
Abwehr Deutschland Pieper
86%
Abwehr Japan Sugawara
86%
Angriff Deutschland Topp
86%
Angriff Österreich Grüll
85%
Angriff Belgien Mbangula
84%
Abwehr Argentinien Malatini
83%
Abwehr Nigeria Agu
82%
Mittelfeld Spanien Puertas
82%
Abwehr Deutschland Coulibaly
80%
Abwehr Belgien Deman
78%
Abwehr Schweiz Schmidt
78%
Mittelfeld Kroatien Covic
77%
Mittelfeld Deutschland Bittencourt
76%
Angriff Deutschland Njinmah
76%
Mittelfeld Frankreich Alvero
74%
Abwehr Deutschland Weiser
74%
Tor Deutschland Kolke
72%
Abwehr Österreich Wöber
72%
Abwehr Deutschland Schmetgens
54%
Mittelfeld Norwegen Hansen-Aarøen
50%
Angriff Deutschland Musah
47%
Tor Bulgarien Smarkalev
40%
Mittelfeld Deutschland Adeh
38%
Keine übereinstimmenden Quizze gefunden
Verteilung der Resultate
Anzahl Personen mit jedem Resultat
Perzentil nach korrekt beantworteten Fragen
Ihre Resultats-Entwicklung
Sie haben dieses Quiz noch nicht gespielt